Normal view
MARC view
Entry Personal Name
001 - CONTROL NUMBER
- control field: 1226296
003 - CONTROL NUMBER IDENTIFIER
- control field: OSt
005 - DATE AND TIME OF LATEST TRANSACTION
- control field: 20260324150412.0
008 - FIXED-LENGTH DATA ELEMENTS
- fixed length control field: 260324|| aca||aabn | a|a d
040 ## - CATALOGING SOURCE
- Original cataloging agency: OSt
- Transcribing agency: OSt
100 ## - HEADING--PERSONAL NAME
- Personal name: Ethel Shanas; Peter Townsend; Dorothy Wedderburn; Henning Kristian Friis; Poul Milhoj; Jan Stehouwer
670 ## - SOURCE DATA FOUND
- Source citation: Work cat.: (OSt)1835686: Ethel Shanas; Peter Townsend; Dorothy Wedderburn; Henning Kristian Friis; Poul Milhoj; Jan Stehouwer, Old People in Three Industrial Societies
